000
00467nam a2200145Ia 4500
008
151213s9999 xx 000 0 und d
100
_a
আবিদ আজাদ।
245
_a
খুচরো কবিতা।
_c
আবিদ আজাদ।
260
_a
ঢাকা
_b
শিল্পতরু প্রকাশনী।
_c
1990
300
_a
4436 p.
650
_a
Bangla
650
_a
কবিতা
700
_a
আবিদ আজাদ।
999
_c
2811
_d
2811